000 00793nam a22002297a 4500
005 20170124110217.0
010 _aA-710399
020 _c00.00
035 _aA-710399
037 _bCen Lib/Ret
040 _aDPL
_bEN
082 _a954.0841
_bKAU
100 _aKaushik, Harish P.
_98456
245 _aIndian national movement :
_cby Harish P. Kaushik
_bthe role of British liberals /
260 _aNew Delhi
_bCriterion Publications
_c1986
270 _a136, Raja Garden
_bNew Delhi
_e110015
300 _axi, 268p. :
_c21cm(Hb)
_bill.
500 _aIncludes bibliographical references and index
650 _aLiberalism -- Great Britain -- History
_939218
650 _aGreat Britain -- Politics and government -- 1837-1901
_939219
942 _2ddc
_cEN
_h954.0841
_mKAU
999 _c133902
_d133902